The Steel Handbook (Record no. 564638)

000 -LEADER
fixed length control field 00347nam a2200133Ia 4500
008 - FIXED-LENGTH DATA ELEMENTS--GENERAL INFORMATION
fixed length control field 210430s9999 xx 000 0 und d
020 ## - INTERNATIONAL STANDARD BOOK NUMBER
International Standard Book Number 978-0-07-463298-7
082 ## - DEWEY DECIMAL CLASSIFICATION NUMBER
Classification number 672 N331 S
100 ## - MAIN ENTRY--PERSONAL NAME
Personal name Alok Nayar
9 (RLIN) 54161
245 #4 - TITLE STATEMENT
Title The Steel Handbook
Statement of responsibility, etc. Alok Nayar
260 ## - PUBLICATION, DISTRIBUTION, ETC.
Place of publication, distribution, etc. New Dlehi
Name of publisher, distributor, etc. Tata McGrawhill
Date of publication, distribution, etc. 2002
300 ## - PHYSICAL DESCRIPTION
Extent 978p.
942 ## - ADDED ENTRY ELEMENTS (KOHA)
Koha item type Book
Source of classification or shelving scheme
Holdings
Withdrawn status Lost status Damaged status Not for loan Collection code Permanent Location Current Location Shelving location Date acquired Total Checkouts Full call number Barcode Date last seen Price effective from Koha item type
          School of Chemical & Materials Engineering (SCME) School of Chemical & Materials Engineering (SCME) General Stacks 11/12/4   672 N331 S SCME-3857 04/30/2021 04/30/2021 Book
© 2023 Central Library, National University of Sciences and Technology. All Rights Reserved.